<?xml version="1.0" encoding="UTF-8"?>
<record
    xmlns:xsi="http://www.w3.org/2001/XMLSchema-instance"
    xsi:schemaLocation="http://www.loc.gov/MARC21/slim http://www.loc.gov/standards/marcxml/schema/MARC21slim.xsd"
    xmlns="http://www.loc.gov/MARC21/slim">

  <leader>00544cam a2200169   4500</leader>
  <controlfield tag="001">6174</controlfield>
  <controlfield tag="005">20181127181106.0</controlfield>
  <controlfield tag="008">110509s2010    xna      b    000 0 eng d</controlfield>
  <datafield tag="010" ind1=" " ind2=" ">
    <subfield code="a">  2011381660</subfield>
  </datafield>
  <datafield tag="245" ind1="1" ind2="4">
    <subfield code="a">Academic skills ACS 101 :</subfield>
    <subfield code="b">Tutor Materials.</subfield>
    <subfield code="c"></subfield>
  </datafield>
  <datafield tag="260" ind1=" " ind2=" ">
    <subfield code="a">[Thimphu] :</subfield>
    <subfield code="b">Royal Thimphu College,</subfield>
    <subfield code="c">[2013].</subfield>
  </datafield>
  <datafield tag="500" ind1=" " ind2=" ">
    <subfield code="a">Xerographic copy in a binder.</subfield>
  </datafield>
  <datafield tag="520" ind1=" " ind2=" ">
    <subfield code="a">Bachelor of arts : Academic Skills.</subfield>
  </datafield>
  <datafield tag="650" ind1=" " ind2="0">
    <subfield code="a">College student development programs.</subfield>
    <subfield code="x"></subfield>
    <subfield code="v"></subfield>
  </datafield>
  <datafield tag="650" ind1=" " ind2="0">
    <subfield code="a">Counseling in higher education.</subfield>
  </datafield>
  <datafield tag="650" ind1=" " ind2="0">
    <subfield code="a">Faculty advisors.</subfield>
    <subfield code="x"></subfield>
  </datafield>
  <datafield tag="999" ind1=" " ind2=" ">
    <subfield code="c">5216</subfield>
    <subfield code="d">5216</subfield>
  </datafield>
  <datafield tag="952" ind1=" " ind2=" ">
    <subfield code="0">0</subfield>
    <subfield code="1">0</subfield>
    <subfield code="2">ddc</subfield>
    <subfield code="4">0</subfield>
    <subfield code="7">0</subfield>
    <subfield code="8">FAC RES</subfield>
    <subfield code="a">RTCLIB</subfield>
    <subfield code="b">RTCLIB</subfield>
    <subfield code="c">FAC RES</subfield>
    <subfield code="d">2021-12-23</subfield>
    <subfield code="h"> </subfield>
    <subfield code="i">9851</subfield>
    <subfield code="l">1</subfield>
    <subfield code="m">1</subfield>
    <subfield code="o">428.24   ACA</subfield>
    <subfield code="p">30010023</subfield>
    <subfield code="r">2022-02-28 00:00:00</subfield>
    <subfield code="s">2019-02-26</subfield>
    <subfield code="t">2</subfield>
    <subfield code="w">2018-11-27</subfield>
    <subfield code="y">FAC RES</subfield>
  </datafield>
  <datafield tag="952" ind1=" " ind2=" ">
    <subfield code="0">0</subfield>
    <subfield code="1">0</subfield>
    <subfield code="2">ddc</subfield>
    <subfield code="4">0</subfield>
    <subfield code="7">0</subfield>
    <subfield code="8">FAC RES</subfield>
    <subfield code="a">RTCLIB</subfield>
    <subfield code="b">RTCLIB</subfield>
    <subfield code="c">FAC RES</subfield>
    <subfield code="d">2021-12-23</subfield>
    <subfield code="h"> </subfield>
    <subfield code="i">9852</subfield>
    <subfield code="l">4</subfield>
    <subfield code="m">9</subfield>
    <subfield code="o">428.24   ACA</subfield>
    <subfield code="p">30010057</subfield>
    <subfield code="q">2026-09-02</subfield>
    <subfield code="r">2023-08-29 00:00:00</subfield>
    <subfield code="s">2023-08-29</subfield>
    <subfield code="t">3</subfield>
    <subfield code="w">2018-11-27</subfield>
    <subfield code="y">FAC RES</subfield>
  </datafield>
  <datafield tag="952" ind1=" " ind2=" ">
    <subfield code="0">0</subfield>
    <subfield code="1">0</subfield>
    <subfield code="2">ddc</subfield>
    <subfield code="4">0</subfield>
    <subfield code="7">0</subfield>
    <subfield code="8">FAC RES</subfield>
    <subfield code="a">RTCLIB</subfield>
    <subfield code="b">RTCLIB</subfield>
    <subfield code="c">FAC RES</subfield>
    <subfield code="d">2021-12-23</subfield>
    <subfield code="h"> </subfield>
    <subfield code="i">11872</subfield>
    <subfield code="l">4</subfield>
    <subfield code="m">2</subfield>
    <subfield code="o">428.24   ACA</subfield>
    <subfield code="p">30012544</subfield>
    <subfield code="r">2025-03-05 00:00:00</subfield>
    <subfield code="s">2024-07-26</subfield>
    <subfield code="t">4</subfield>
    <subfield code="w">2018-11-27</subfield>
    <subfield code="y">FAC RES</subfield>
  </datafield>
</record>
